[Event "World Youth U-16 Olympiad 2018"]
[Site "Konya"]
[Date "2018.11.30"]
[Round "6"]
[White "Sargsyan, Shant"]
[Black "Gadimbayli, Abdulla"]
[Result "1/2-1/2"]
[WhiteElo "2463"]
[BlackElo "2419"]
[Annotator "TA"]
[PlyCount "96"]
[EventDate "2018.11.25"]
[EventType "team-tourn"]
[EventCountry "TUR"]
[SourceTitle "playchess.com"]
[Source "ChessBase"]
[SourceQuality "1"]
[WhiteTeam "Armenia"]
[BlackTeam "Azerbaijan"]
[WhiteTeamCountry "ARM"]
[BlackTeamCountry "AZE"]

1. d4 Nf6 2. c4 e5 3. dxe5 Ng4 4. Nf3 Nc6 5. Bf4 Bb4+ 6. Nbd2 Qe7 7. a3 Ngxe5 8. Nxe5 Nxe5 9. e3 Bxd2+ 10. Qxd2 d6 11. Be2 O-O 12. O-O b6 13. b4 Bb7 14. Rac1 Rad8 15. Qb2 Ng6 16. Bg3 Nh4 17. Bxh4 Qxh4 18. Rfd1 Qg5 19. Bf1 Rfe8 20. a4 h5 21. c5 dxc5 22. Rxd8 Rxd8 23. bxc5 Qd5 24. a5 bxa5 25. Qb5 Qd2 26. Ra1 Qb4 27. Qxa5 Qxa5 28. Rxa5 Rd1 29. f3 Bd5 30. Kf2 Rd2+ 31. Kg3 Ra2 32. Rb5 a5 33. c6 Bxc6 34. Rxh5 Bd7 35. Bc4 Rc2 36. Rd5 Rxc4 37. Rxd7 a4 38. Rd8+ Kh7 39. Ra8 Kg6 40. e4 Kf6 41. Kf4 Ke6 42. h4 Kd6 43. h5 Kc6 44. g4 Kb7 45. Ra5 Kb6 46. Ra8 Kb7 47. Ra5 Kb6 48. Ra8 Kb7 1/2-1/2

[Event "World Youth U-16 Olympiad 2018"]
[Site "Konya"]
[Date "2018.11.30"]
[Round "6"]
[White "Engel, Luis"]
[Black "Degraeve, Remy"]
[Result "1/2-1/2"]
[WhiteElo "2459"]
[BlackElo "2384"]
[Annotator "TA"]
[PlyCount "82"]
[EventDate "2018.11.25"]
[EventType "team-tourn"]
[EventCountry "TUR"]
[SourceTitle "playchess.com"]
[Source "ChessBase"]
[SourceQuality "1"]
[WhiteTeam "Germany"]
[BlackTeam "France"]
[WhiteTeamCountry "GER"]
[BlackTeamCountry "FRA"]

1. e4 e5 2. Nf3 Nc6 3. Bb5 a6 4. Ba4 Nf6 5. O-O Be7 6. Re1 b5 7. Bb3 d6 8. c3 O-O 9. h3 Nb8 10. d4 Nbd7 11. Nbd2 Bb7 12. Bc2 Re8 13. Nf1 Bf8 14. Ng3 g6 15. a4 Nb6 16. a5 Nbd7 17. b3 exd4 18. cxd4 c5 19. Bb2 cxd4 20. Bxd4 Rc8 21. b4 Ne5 22. Bb3 Nc4 23. Bc3 d5 24. Qd4 Bg7 25. Qa7 Rc7 26. Rad1 Qc8 27. exd5 Bxd5 28. Qd4 Bxf3 29. gxf3 Rxe1+ 30. Bxe1 Rd7 31. Qh4 Ne5 32. Qf4 Rxd1 33. Bxd1 Nd3 34. Qe3 Nxe1 35. Qxe1 Qxh3 36. Bb3 Qd7 37. Qe5 h5 38. Ne4 Kh7 39. Qd5 Qe7 40. Qxf7 Qxb4 41. Bc2 Qd6 1/2-1/2

[Event "World Youth U-16 Olympiad 2018"]
[Site "Konya"]
[Date "2018.11.30"]
[Round "6"]
[White "Vokhidov, Shamsiddin"]
[Black "Koustav Chatterjee"]
[Result "1-0"]
[WhiteElo "2456"]
[BlackElo "2346"]
[Annotator "TA"]
[PlyCount "133"]
[EventDate "2018.11.25"]
[EventType "team-tourn"]
[EventCountry "TUR"]
[SourceTitle "playchess.com"]
[Source "ChessBase"]
[SourceQuality "1"]
[WhiteTeam "Uzbekistan"]
[BlackTeam "India"]
[WhiteTeamCountry "UZB"]
[BlackTeamCountry "IND"]

1. e4 e6 2. d4 d5 3. Nd2 c5 4. Ngf3 cxd4 5. exd5 Qxd5 6. Bc4 Qd8 7. O-O a6 8. Nb3 Nc6 9. Nbxd4 Nxd4 10. Nxd4 Qc7 11. b3 Bd6 12. Nf3 Ne7 13. Bb2 O-O 14. Qd4 Nf5 15. Qg4 g6 16. Qh3 b5 17. Ng5 h6 18. g4 Bxh2+ 19. Qxh2 Qxh2+ 20. Kxh2 hxg5 21. Be2 Ng7 22. Bf6 Bb7 23. Rad1 Rfc8 24. Rd2 Ne8 25. Bxg5 Bd5 26. Bf4 f6 27. g5 Kf7 28. f3 fxg5 29. Bxg5 Nd6 30. Kg2 Rh8 31. Bf4 Nf5 32. Kf2 Kf6 33. c4 bxc4 34. bxc4 Bc6 35. Rg1 Rh5 36. Rb2 g5 37. Bb8 Rh8 38. Rgb1 Nd4 39. Bg3 Rh3 40. Re1 Nf5 41. Be5+ Kg6 42. Rb6 Rc8 43. Rg1 Nh4 44. Bg3 Nf5 45. Rxa6 g4 46. Bd3 Kg5 47. Bxf5 Kxf5 48. fxg4+ Kg6 49. Ke3 Rhh8 50. Bd6 Bb7 51. Ra7 Rh7 52. Rb1 Be4 53. Rb8 Rh3+ 54. Kd4 Rxb8 55. Bxb8 Bf3 56. c5 Rh4 57. Ke5 Rxg4 58. Kxe6 Rd4 59. Rg7+ Kh6 60. Rg3 Bd5+ 61. Ke5 Rd2 62. a3 Bc6 63. Bd6 Kh7 64. Ke6 Re2+ 65. Be5 Rd2 66. Rg7+ Kh6 67. Bf4+ 1-0

[Event "World Youth U-16 Olympiad 2018"]
[Site "Konya"]
[Date "2018.11.30"]
[Round "6"]
[White "Vlachos, Anatole"]
[Black "Esipenko, Andrey"]
[Result "0-1"]
[WhiteElo "2434"]
[BlackElo "2609"]
[Annotator "TA"]
[PlyCount "52"]
[EventDate "2018.11.25"]
[EventType "team-tourn"]
[EventCountry "TUR"]
[SourceTitle "playchess.com"]
[Source "ChessBase"]
[SourceQuality "1"]
[WhiteTeam "Greece"]
[BlackTeam "Russia"]
[WhiteTeamCountry "GRE"]
[BlackTeamCountry "RUS"]

1. Nf3 Nf6 2. g3 g6 3. b3 Bg7 4. Bb2 d6 5. d4 b6 6. Bg2 Bb7 7. O-O O-O 8. c4 e6 9. Nc3 Ne4 10. Qc2 Nxc3 11. Bxc3 Nd7 12. Rac1 Qe7 13. Rfd1 f5 14. b4 Be4 15. Qa4 a6 16. Nd2 Bxg2 17. Kxg2 b5 18. Qa5 Nb6 19. d5 Bxc3 20. Rxc3 exd5 21. Re3 Qd7 22. c5 dxc5 23. bxc5 Na4 24. c6 Qxc6 25. Re7 Nb6 26. Nf3 Qd6 0-1

[Event "World Youth U-16 Olympiad 2018"]
[Site "Konya"]
[Date "2018.11.30"]
[Round "6"]
[White "Muradli, Mahammad"]
[Black "Barseghyan, Armen Ar."]
[Result "1-0"]
[WhiteElo "2420"]
[BlackElo "2386"]
[Annotator "TA"]
[PlyCount "88"]
[EventDate "2018.11.25"]
[EventType "team-tourn"]
[EventCountry "TUR"]
[SourceTitle "playchess.com"]
[Source "ChessBase"]
[SourceQuality "1"]
[WhiteTeam "Azerbaijan"]
[BlackTeam "Armenia"]
[WhiteTeamCountry "AZE"]
[BlackTeamCountry "ARM"]

1. d4 f5 2. Nf3 Nf6 3. g3 e6 4. c4 d5 5. Bg2 c6 6. O-O Bd6 7. Bf4 Bxf4 8. gxf4 O-O 9. e3 Nbd7 10. Nbd2 Qe7 11. Qc2 a5 12. Rac1 b6 13. Ne5 Nxe5 14. dxe5 Nd7 15. Qa4 Ba6 16. Qxc6 Rac8 17. Qa4 dxc4 18. Nxc4 Rc5 19. b3 Rfc8 20. Qa3 R8c7 21. Rfd1 Nf8 22. Qb2 Bxc4 23. bxc4 Rxc4 24. Rxc4 Rxc4 25. Qxb6 Qa3 26. Bf1 Rc8 27. Qb3 Qc5 28. Rd6 Kh8 29. a4 Qc7 30. Qb6 Qf7 31. Qb2 Qe8 32. Rd4 Qc6 33. Rc4 Qd7 34. Rxc8 Qxc8 35. Qb5 Qd8 36. Qc5 h6 37. Qd6 Qc8 38. Bb5 Kh7 39. Bc6 Ng6 40. Kf1 Qa6+ 41. Bb5 Qc8 42. Qc6 Qd8 43. Ke2 Nf8 44. Qe8 Kg8 1-0

[Event "World Youth U-16 Olympiad 2018"]
[Site "Konya"]
[Date "2018.11.30"]
[Round "6"]
[White "Zarubitski, Viachaslau"]
[Black "Firouzja, Alireza"]
[Result "0-1"]
[WhiteElo "2417"]
[BlackElo "2607"]
[Annotator "TA"]
[PlyCount "82"]
[EventDate "2018.11.25"]
[EventType "team-tourn"]
[EventCountry "TUR"]
[SourceTitle "playchess.com"]
[Source "ChessBase"]
[SourceQuality "1"]
[WhiteTeam "Belarus"]
[BlackTeam "Iran"]
[WhiteTeamCountry "BLR"]
[BlackTeamCountry "IRI"]

1. e4 c5 2. Nf3 d6 3. d4 cxd4 4. Nxd4 Nf6 5. Nc3 a6 6. Be3 e5 7. Nb3 Be6 8. Be2 Be7 9. Nd5 Nxd5 10. exd5 Bf5 11. Qd2 b6 12. a4 Nd7 13. a5 b5 14. c4 bxc4 15. Bxc4 Qc7 16. Ra4 O-O 17. O-O Rfb8 18. Rb4 Nf6 19. Bb6 Qb7 20. f4 Be4 21. fxe5 Nxd5 22. Rxf7 Kxf7 23. Qf4+ Ke8 24. Qxe4 Nxb6 25. Qxh7 Qa7 26. Qg8+ Kd7 27. Qe6+ Kd8 28. axb6 Rxb6 29. Rxb6 Qxb6+ 30. Kf1 Rb8 31. Qg8+ Kc7 32. Qxg7 Rf8+ 33. Ke2 Kd8 34. exd6 Bxd6 35. Qd4 Qc6 36. Kd3 Rf4 37. Qh8+ Kc7 38. Qg7+ Kb6 39. Nd2 Bb4 40. Qg8 Qd6+ 41. Kc2 Bxd2 0-1

[Event "World Youth U-16 Olympiad 2018"]
[Site "Konya"]
[Date "2018.11.30"]
[Round "6"]
[White "Brodsky, David"]
[Black "Matviishen, Viktor"]
[Result "0-1"]
[WhiteElo "2415"]
[BlackElo "2476"]
[Annotator "TA"]
[PlyCount "110"]
[EventDate "2018.11.25"]
[EventType "team-tourn"]
[EventCountry "TUR"]
[SourceTitle "playchess.com"]
[Source "ChessBase"]
[SourceQuality "1"]
[WhiteTeam "United States"]
[BlackTeam "Ukraine"]
[WhiteTeamCountry "USA"]
[BlackTeamCountry "UKR"]

1. d4 Nf6 2. c4 e6 3. Nf3 b6 4. g3 Bb7 5. Bg2 g6 6. O-O Bg7 7. Qc2 O-O 8. Nc3 d5 9. cxd5 exd5 10. Bg5 Nc6 11. Rfd1 h6 12. Bxf6 Bxf6 13. Rac1 Re8 14. e3 Ne7 15. Ne2 c6 16. Nf4 Qd6 17. Nd3 Rec8 18. b4 Ba6 19. a3 Bxd3 20. Qxd3 a5 21. Bh3 Rc7 22. b5 c5 23. dxc5 Rxc5 24. Rxc5 Qxc5 25. Rd2 Ra7 26. Rc2 Qd6 27. Nd2 Qe5 28. f4 Qb8 29. e4 dxe4 30. Nxe4 Bg7 31. Qc4 Qd8 32. Kg2 Qd5 33. Qxd5 Nxd5 34. Rd2 Ne3+ 35. Kf3 Nc4 36. Rd8+ Kh7 37. a4 f5 38. Nd6 Bf6 39. Rf8 Be7 40. Nxc4 Bxf8 41. Nxb6 Rc7 42. Bf1 Rc3+ 43. Kg2 Rc2+ 44. Kh1 Ra2 45. Nc4 Rxa4 46. b6 Ra1 47. Kg2 a4 48. Bd3 Bc5 49. b7 Ba7 50. Kh3 Rc1 51. Be2 Rc2 52. Bf1 Rc3 53. Nd6 Rb3 54. Nb5 a3 55. Nxa7 Rxb7 0-1

[Event "World Youth U-16 Olympiad 2018"]
[Site "Konya"]
[Date "2018.11.30"]
[Round "6"]
[White "Baidetskyi, Valentin"]
[Black "Niemann, Hans"]
[Result "0-1"]
[WhiteElo "2398"]
[BlackElo "2439"]
[Annotator "TA"]
[PlyCount "84"]
[EventDate "2018.11.25"]
[EventType "team-tourn"]
[EventCountry "TUR"]
[SourceTitle "playchess.com"]
[Source "ChessBase"]
[SourceQuality "1"]
[WhiteTeam "Ukraine"]
[BlackTeam "United States"]
[WhiteTeamCountry "UKR"]
[BlackTeamCountry "USA"]

1. Nf3 Nf6 2. g3 b5 3. Bg2 Bb7 4. O-O e6 5. b3 Be7 6. c4 a6 7. d4 O-O 8. Bf4 d6 9. Nc3 b4 10. Na4 a5 11. a3 Na6 12. axb4 Nxb4 13. Bd2 Qb8 14. Bxb4 axb4 15. Ne1 Ne4 16. f3 Rxa4 17. bxa4 Nc3 18. Qc2 Bf6 19. e3 Ba6 20. Qb3 c5 21. Nc2 cxd4 22. exd4 Rc8 23. Qxb4 Bxd4+ 24. Kh1 Qxb4 25. Nxb4 Bxc4 26. Rfe1 Bc5 27. Nc2 Bb3 28. a5 Ba7 29. Nb4 Rc4 30. Rec1 g5 31. Bf1 Rxb4 32. Rxc3 Bd5 33. a6 Rb2 34. Bg2 g4 35. h3 h5 36. hxg4 hxg4 37. Rd3 Ba8 38. Rc3 Kg7 39. Rd3 Rb8 40. Bh3 Rh8 41. Kg2 Rxh3 42. Rc1 Rh8 0-1

[Event "World Youth U-16 Olympiad 2018"]
[Site "Konya"]
[Date "2018.11.30"]
[Round "6"]
[White "Pogosyan, Stefan"]
[Black "Chrysogelou, Athanasia-Panagiota"]
[Result "1-0"]
[WhiteElo "2381"]
[BlackElo "1729"]
[Annotator "RC"]
[PlyCount "131"]
[EventDate "2018.11.25"]
[EventType "team-tourn"]
[EventCountry "TUR"]
[SourceTitle "playchess.com"]
[Source "ChessBase"]
[SourceQuality "1"]
[WhiteTeam "Russia"]
[BlackTeam "Greece"]
[WhiteTeamCountry "RUS"]
[BlackTeamCountry "GRE"]

1. Nf3 Nf6 2. b3 b6 3. Bb2 e6 4. g3 Bb7 5. Bg2 Be7 6. O-O O-O 7. c4 d5 8. cxd5 Nxd5 9. d4 Nd7 10. Nbd2 c5 11. Rc1 Rc8 12. Nc4 N5f6 13. Qd2 cxd4 14. Nxd4 Bxg2 15. Kxg2 Nc5 16. f3 Qd5 17. e4 Nfxe4 18. fxe4 Nxe4 19. Qe2 Nd2+ 20. Rf3 Nxf3 21. Nxf3 Rfd8 22. Rf1 b5 23. Ne3 Qe4 24. Rf2 Bc5 25. Nc2 Qc6 26. Rf1 Bb6 27. Rc1 Qd5 28. Nb4 Qd7 29. Rxc8 Rxc8 30. Nc2 Qc6 31. Nb4 Qd7 32. Nc2 a5 33. Ncd4 Bxd4 34. Nxd4 b4 35. Qg4 f5 36. Qe2 g6 37. Qe5 Qd5+ 38. Qxd5 exd5 39. Kf3 Kf7 40. Ke3 Ke7 41. Kd2 Kd6 42. Nf3 Re8 43. Bd4 Kc6 44. h4 Re4 45. Be3 Kb5 46. Nd4+ Kc5 47. Kd3 Kd6 48. Nf3 Kc6 49. Nd4+ Kd6 50. Bf2 Re8 51. Nf3 Kc6 52. Ng5 Re7 53. Be3 Kb5 54. Nf3 Kc6 55. Bg5 Re8 56. Nd4+ Kc5 57. Be3 Kd6 58. h5 Re4 59. h6 Re8 60. Nf3 Ke6 61. Ng5+ Kf6 62. Nxh7+ Kf7 63. Ng5+ Kf6 64. Nf3 Re7 65. Bd4+ Ke6 66. h7 1-0

[Event "World Youth U-16 Olympiad 2018"]
[Site "Konya"]
[Date "2018.11.30"]
[Round "6"]
[White "Spyropoulos, Nikolaos"]
[Black "Murzin, Volodar"]
[Result "1-0"]
[WhiteElo "2378"]
[BlackElo "2340"]
[Annotator "TA"]
[PlyCount "81"]
[EventDate "2018.11.25"]
[EventType "team-tourn"]
[EventCountry "TUR"]
[SourceTitle "playchess.com"]
[Source "ChessBase"]
[SourceQuality "1"]
[WhiteTeam "Greece"]
[BlackTeam "Russia"]
[WhiteTeamCountry "GRE"]
[BlackTeamCountry "RUS"]

1. e4 c5 2. Nf3 d6 3. d4 cxd4 4. Nxd4 Nf6 5. Nc3 a6 6. Be2 e5 7. Nf3 Be7 8. Bg5 Nbd7 9. a4 Qb6 10. Ra2 h6 11. Be3 Qb4 12. Nd2 Nc5 13. Nd5 Nxd5 14. exd5 Qa5 15. O-O Bf5 16. f4 e4 17. Nc4 Qc7 18. Bd4 O-O 19. b4 Nd7 20. Ne3 Bh7 21. a5 f5 22. c4 Rac8 23. Kh1 Qd8 24. Rc2 Bf6 25. Qa1 Qe7 26. Bxf6 Nxf6 27. Qd4 h5 28. c5 Ng4 29. Bxg4 fxg4 30. f5 Rc7 31. cxd6 Qxd6 32. Rxc7 Qxc7 33. d6 Qd8 34. Rd1 Qd7 35. Rc1 Rf6 36. Rc7 Qxd6 37. Rc8+ Kf7 38. Qc4+ Ke7 39. Nd5+ Kf7 40. Nb6+ Ke7 41. Qxe4+ 1-0

[Event "World Youth U-16 Olympiad 2018"]
[Site "Konya"]
[Date "2018.11.30"]
[Round "6"]
[White "Schitco, Ivan"]
[Black "Veiga, Jose Francisco R P "]
[Result "1-0"]
[WhiteElo "2376"]
[BlackElo "2305"]
[Annotator "TA"]
[PlyCount "85"]
[EventDate "2018.11.25"]
[EventType "team-tourn"]
[EventCountry "TUR"]
[SourceTitle "playchess.com"]
[Source "ChessBase"]
[SourceQuality "1"]
[WhiteTeam "Moldova"]
[BlackTeam "Portugal"]
[WhiteTeamCountry "MDA"]
[BlackTeamCountry "POR"]

1. c4 e5 2. g3 Nf6 3. Bg2 d5 4. cxd5 Nxd5 5. Nc3 Nb6 6. Nf3 Nc6 7. O-O Be7 8. a3 a5 9. d3 O-O 10. Be3 Be6 11. Na4 e4 12. Ne1 exd3 13. Nxd3 Nd5 14. Bc5 b6 15. Bxe7 Ncxe7 16. Rc1 c5 17. e4 Nf6 18. Nf4 Qxd1 19. Rfxd1 Bb3 20. Nxb6 Ra6 21. Rd6 Ne8 22. Rd7 Rxb6 23. Rxe7 Ba2 24. e5 g6 25. Bd5 Rxb2 26. Rxc5 Ng7 27. Rcc7 g5 28. Bxa2 Rxa2 29. Nd5 Nf5 30. Red7 Re2 31. Nf6+ Kg7 32. Ne8+ Rxe8 33. Rxf7+ Kg6 34. Rf6+ Kh5 35. Rxh7+ Kg4 36. h3+ Kf3 37. Rxf5+ Ke4 38. Rxg5 Rf8 39. Rh4+ Kf3 40. Rf4+ Rxf4 41. gxf4 Rxf2 42. f5 Re2 43. f6 1-0

[Event "World Youth U-16 Olympiad 2018"]
[Site "Konya"]
[Date "2018.11.30"]
[Round "6"]
[White "Davtyan, Artur"]
[Black "Ibrahimli, Murad"]
[Result "0-1"]
[WhiteElo "2374"]
[BlackElo "2379"]
[Annotator "TA"]
[PlyCount "88"]
[EventDate "2018.11.25"]
[EventType "team-tourn"]
[EventCountry "TUR"]
[SourceTitle "playchess.com"]
[Source "ChessBase"]
[SourceQuality "1"]
[WhiteTeam "Armenia"]
[BlackTeam "Azerbaijan"]
[WhiteTeamCountry "ARM"]
[BlackTeamCountry "AZE"]

1. d4 Nf6 2. c4 g6 3. Nc3 Bg7 4. e4 d6 5. Be2 O-O 6. Be3 c5 7. d5 e6 8. Nf3 exd5 9. cxd5 Bg4 10. Nd2 Bxe2 11. Qxe2 Re8 12. O-O a6 13. a4 Nbd7 14. f3 Qc7 15. Rac1 Ne5 16. b3 Rab8 17. Kh1 Qa5 18. Nc4 Nxc4 19. bxc4 Nd7 20. Bd2 Qd8 21. Bf4 Ne5 22. Bg3 f5 23. Rb1 Qf6 24. Rb3 f4 25. Bf2 g5 26. Rfb1 Re7 27. Nd1 Qf7 28. Be1 Qe8 29. Rb6 Qxa4 30. Rxd6 Nxc4 31. Rc6 bxc6 32. Rxb8+ Kf7 33. dxc6 Ne5 34. Rb6 Nxc6 35. Qd3 Qd4 36. Qb1 Qc4 37. Kg1 Nd4 38. Bf2 g4 39. Nb2 Qe2 40. Qa2+ Ne6 41. Qd5 Bxb2 42. Qh5+ Kg8 43. Rb8+ Nf8 44. Qd5+ Rf7 0-1

[Event "World Youth U-16 Olympiad 2018"]
[Site "Konya"]
[Date "2018.11.30"]
[Round "6"]
[White "Kacharava, Nikolozi"]
[Black "Wang, Yanbin"]
[Result "0-1"]
[WhiteElo "2356"]
[BlackElo "2220"]
[Annotator "NA"]
[PlyCount "84"]
[EventDate "2018.11.25"]
[EventType "team-tourn"]
[EventCountry "TUR"]
[SourceTitle "playchess.com"]
[Source "ChessBase"]
[SourceQuality "1"]
[WhiteTeam "Georgia"]
[BlackTeam "China"]
[WhiteTeamCountry "GEO"]
[BlackTeamCountry "CHN"]

1. e4 c5 2. Nf3 Nc6 3. d4 cxd4 4. Nxd4 Nf6 5. Nc3 d6 6. f3 e5 7. Nb3 Be7 8. Be3 O-O 9. Qd2 Be6 10. Nd5 Bxd5 11. exd5 Nb8 12. Bd3 Nbd7 13. O-O a5 14. a4 Qc7 15. c4 Rfe8 16. Qf2 g6 17. Nd2 Nh5 18. Rfb1 f5 19. g3 f4 20. gxf4 exf4 21. Bd4 Bf6 22. Ne4 Bxd4 23. Qxd4 Nc5 24. Ra2 Re5 25. b3 Qg7 26. Rg2 Rae8 27. Qc3 Nxe4 28. Bxe4 Nf6 29. b4 axb4 30. Rxb4 Qc7 31. c5 dxc5 32. Rc2 b6 33. Qb3 Rg5+ 34. Kh1 Qe5 35. d6+ Kh8 36. d7 Rd8 37. Qb2 Rxd7 38. h4 cxb4 39. hxg5 Rd1+ 40. Kh2 Qxg5 41. Rc8+ Kg7 42. Rc7+ Kh6 0-1

[Event "World Youth U-16 Olympiad 2018"]
[Site "Konya"]
[Date "2018.11.30"]
[Round "6"]
[White "Baenziger, Fabian"]
[Black "Skalsky, Alexandr"]
[Result "1-0"]
[WhiteElo "2355"]
[BlackElo "2202"]
[Annotator "RC"]
[PlyCount "57"]
[EventDate "2018.11.25"]
[EventType "team-tourn"]
[EventCountry "TUR"]
[SourceTitle "playchess.com"]
[Source "ChessBase"]
[SourceQuality "1"]
[WhiteTeam "Switzerland"]
[BlackTeam "Czech Republic"]
[WhiteTeamCountry "SUI"]
[BlackTeamCountry "CZE"]

1. e4 c5 2. Nf3 g6 3. d4 cxd4 4. Nxd4 Nc6 5. c4 Bg7 6. Be3 Nf6 7. Nc3 O-O 8. Be2 d6 9. O-O Bd7 10. Nc2 Be6 11. f4 Na5 12. b3 Nc6 13. Qd2 Ng4 14. Bxg4 Bxg4 15. Rae1 Qa5 16. b4 Nxb4 17. Nd5 Nc6 18. Qxa5 Nxa5 19. f5 e6 20. Ne7+ Kh8 21. f6 Bxf6 22. Rxf6 Rae8 23. Bh6 Ra8 24. Be3 Rae8 25. Bh6 Bh5 26. Ne3 g5 27. g4 Rxe7 28. Bxf8 Re8 29. gxh5 1-0

[Event "World Youth U-16 Olympiad 2018"]
[Site "Konya"]
[Date "2018.11.30"]
[Round "6"]
[White "Sankalp Gupta"]
[Black "Sindarov, Javokhir"]
[Result "0-1"]
[WhiteElo "2352"]
[BlackElo "2513"]
[Annotator "TA"]
[PlyCount "80"]
[EventDate "2018.11.25"]
[EventType "team-tourn"]
[EventCountry "TUR"]
[SourceTitle "playchess.com"]
[Source "ChessBase"]
[SourceQuality "1"]
[WhiteTeam "India"]
[BlackTeam "Uzbekistan"]
[WhiteTeamCountry "IND"]
[BlackTeamCountry "UZB"]

1. e4 e5 2. Nf3 Nc6 3. Bb5 a6 4. Ba4 d6 5. O-O Bd7 6. c3 g6 7. d4 Bg7 8. d5 Nce7 9. Bxd7+ Qxd7 10. c4 h6 11. Nc3 f5 12. Ne1 Nf6 13. f3 O-O 14. Nd3 b6 15. Rb1 f4 16. b4 a5 17. a3 axb4 18. axb4 g5 19. c5 Ng6 20. Kh1 Kh7 21. Bd2 Rf7 22. Qe2 g4 23. c6 gxf3 24. gxf3 Qh3 25. Qg2 Qh5 26. Be1 Rg8 27. Ra1 Bf8 28. Qf2 Rfg7 29. Ne2 Be7 30. Rg1 Nh4 31. Rxg7+ Rxg7 32. Ng1 Nxe4 33. Qf1 Rxg1+ 34. Kxg1 Nxf3+ 35. Kg2 Neg5 36. h4 Nxh4+ 37. Bxh4 Qg4+ 38. Kh1 Qxh4+ 39. Kg1 e4 40. Ne1 Bf6 0-1

[Event "World Youth U-16 Olympiad 2018"]
[Site "Konya"]
[Date "2018.11.30"]
[Round "6"]
[White "Harutyunyan, Ruben"]
[Black "Wachinger, Nikolas"]
[Result "1-0"]
[WhiteElo "2344"]
[BlackElo "2338"]
[Annotator "TA"]
[PlyCount "61"]
[EventDate "2018.11.25"]
[EventType "team-tourn"]
[EventCountry "TUR"]
[SourceTitle "playchess.com"]
[Source "ChessBase"]
[SourceQuality "1"]
[WhiteTeam "France"]
[BlackTeam "Germany"]
[WhiteTeamCountry "FRA"]
[BlackTeamCountry "GER"]

1. e4 c5 2. Nf3 d6 3. d4 Nf6 4. Nc3 cxd4 5. Nxd4 a6 6. Bg5 Nbd7 7. Qe2 h6 8. Bh4 g6 9. f4 e5 10. fxe5 dxe5 11. O-O-O Qc7 12. Nb3 b5 13. Rxd7 Nxd7 14. Nd5 Qb8 15. Na5 Bb7 16. Nf6+ Nxf6 17. Bxf6 Qc7 18. Nxb7 Rh7 19. a4 bxa4 20. Qc4 Qxb7 21. Qxa4+ Qd7 22. Qa5 Be7 23. Qxe5 Kf8 24. Bc4 Bxf6 25. Qxf6 Qa4 26. b3 Qa3+ 27. Kb1 Qe7 28. e5 Re8 29. Rf1 Qxe5 30. Qxg6 Qe1+ 31. Kb2 1-0

[Event "World Youth U-16 Olympiad 2018"]
[Site "Konya"]
[Date "2018.11.30"]
[Round "6"]
[White "Olsen, Filip Boe"]
[Black "Thilakarathne, G M H"]
[Result "0-1"]
[WhiteElo "2335"]
[BlackElo "2346"]
[Annotator "TA"]
[PlyCount "140"]
[EventDate "2018.11.25"]
[EventType "team-tourn"]
[EventCountry "TUR"]
[SourceTitle "playchess.com"]
[Source "ChessBase"]
[SourceQuality "1"]
[WhiteTeam "Denmark"]
[BlackTeam "Sri Lanka"]
[WhiteTeamCountry "DEN"]
[BlackTeamCountry "SRI"]

1. d4 Nf6 2. c4 e6 3. Nc3 Bb4 4. e3 O-O 5. Bd3 d5 6. Nf3 dxc4 7. Bxc4 c5 8. a3 Bxc3+ 9. bxc3 Qc7 10. Be2 b6 11. O-O Bb7 12. Nd2 Rd8 13. Bb2 Nc6 14. Qc2 Ne7 15. Rac1 Ng6 16. Bf3 Rac8 17. Qb1 e5 18. Rfd1 Bxf3 19. Nxf3 Qe7 20. a4 e4 21. Nd2 c4 22. Re1 Qe6 23. f3 exf3 24. Nxf3 Ne4 25. Qc2 Ne7 26. Nd2 Nxd2 27. Qxd2 Qe4 28. Qc2 f5 29. Qxe4 fxe4 30. Rf1 Re8 31. Kf2 Nd5 32. Ke2 Rf8 33. Kd2 Rxf1 34. Rxf1 Rf8 35. Rxf8+ Kxf8 36. Ba3+ Ke8 37. h3 Kd7 38. Bf8 g6 39. Bh6 Kc6 40. Bf8 h5 41. Bh6 a5 42. Kc2 b5 43. axb5+ Kxb5 44. g3 Ka4 45. Kb2 Kb5 46. Kc2 a4 47. Kb2 Ka6 48. h4 Kb5 49. Bf4 a3+ 50. Kxa3 Nxc3 51. Kb2 Nd5 52. Ka3 Kc6 53. Kb2 Kd7 54. Kc2 Ke6 55. Kd2 Kf5 56. Kc2 Kg4 57. Kd2 Kf3 58. Kc2 Ke2 59. Bg5 Kf3 60. Bf4 Kf2 61. Kd2 Kg2 62. Kc2 Kf2 63. Kd2 c3+ 64. Kc2 Kf3 65. Kb3 Ke2 66. Kc2 Kf2 67. Kb3 Nxe3 68. Kxc3 Nd5+ 69. Kc4 Nxf4 70. gxf4 e3 0-1

[Event "World Youth U-16 Olympiad 2018"]
[Site "Konya"]
[Date "2018.11.30"]
[Round "6"]
[White "Pacan-Milej, Kosma"]
[Black "Kerem, Halil Ozgun"]
[Result "1/2-1/2"]
[WhiteElo "2334"]
[BlackElo "2248"]
[Annotator "TA"]
[PlyCount "101"]
[EventDate "2018.11.25"]
[EventType "team-tourn"]
[EventCountry "TUR"]
[SourceTitle "playchess.com"]
[Source "ChessBase"]
[SourceQuality "1"]
[WhiteTeam "Poland"]
[BlackTeam "Turkey"]
[WhiteTeamCountry "POL"]
[BlackTeamCountry "TUR"]

1. e4 c5 2. Nf3 d6 3. d4 cxd4 4. Qxd4 a6 5. c4 Nc6 6. Qe3 Bg4 7. Be2 g6 8. O-O Bg7 9. Nc3 Nf6 10. Rd1 Nd7 11. b3 O-O 12. Bb2 Bxf3 13. Bxf3 b5 14. cxb5 axb5 15. Rab1 b4 16. Na4 Rb8 17. Bxg7 Kxg7 18. Rbc1 Nce5 19. Be2 Nb6 20. Nc5 Nbd7 21. Na6 Rb6 22. Qd4 Nf6 23. Nxb4 Qb8 24. a3 g5 25. Rc3 Qb7 26. Rdc1 Rb8 27. Rc7 Qa8 28. Nd3 Ng6 29. e5 dxe5 30. Nxe5 Qxa3 31. Nd7 Rd6 32. Qxd6 Qxd6 33. Nxb8 Qb6 34. Nd7 Nxd7 35. Rxd7 Qe6 36. Rd2 Qxb3 37. Bf1 Qe6 38. Re2 Qf6 39. Rce1 h6 40. Re3 e6 41. g3 Qd4 42. Re4 Qf6 43. R4e3 Qd4 44. Re4 Qf6 45. R4e3 Qb2 46. R3e2 Qc3 47. Re3 Qf6 48. Bd3 Ne7 49. Be4 Ng6 50. Bxg6 Kxg6 51. Re4 1/2-1/2

[Event "World Youth U-16 Olympiad 2018"]
[Site "Konya"]
[Date "2018.11.30"]
[Round "6"]
[White "Parkhov, Yair"]
[Black "Budisavljevic, Luka"]
[Result "1/2-1/2"]
[WhiteElo "2330"]
[BlackElo "2344"]
[Annotator "TA"]
[PlyCount "37"]
[EventDate "2018.11.25"]
[EventType "team-tourn"]
[EventCountry "TUR"]
[SourceTitle "playchess.com"]
[Source "ChessBase"]
[SourceQuality "1"]
[WhiteTeam "Israel"]
[BlackTeam "Serbia"]
[WhiteTeamCountry "ISR"]
[BlackTeamCountry "SRB"]

1. Nf3 c5 2. c4 Nf6 3. Nc3 Nc6 4. g3 g6 5. Bg2 d6 6. d4 cxd4 7. Nxd4 Bd7 8. b3 Bg7 9. Bb2 O-O 10. O-O Qa5 11. e3 a6 12. Qe2 Rac8 13. Rac1 Rfe8 14. a3 Bg4 15. Qd2 Qh5 16. Nde2 Na5 17. Nf4 Nc6 18. Nfe2 Na5 19. Nf4 1/2-1/2